Hướng dẫn chơi quần vợt

Gardado en:
Detalles Bibliográficos
Autor Principal: Vũ Như Ý (Chủ biên)
Formato: Libro
Idioma:Vietnamese
Publicado: H. Thể dục thể thao 2003
Những chủ đề:
Các nhãn: Engadir etiqueta
Sen Etiquetas, Sexa o primeiro en etiquetar este rexistro!
Thư viện lưu trữ: Thư viện Trường Đại học Nam Cần Thơ
LEADER 00691nam a22001817a 4500
001 NCT_93738
008 211204b xxu||||| |||| 00| 0 vie d
999 |c 4644  |d 4644 
020 |c 40000 
082 0 4 |2 23rd ed.  |a 796.342  |b Y600  
100 1 |a Vũ Như Ý  |e Chủ biên 
245 1 0 |a Hướng dẫn chơi quần vợt  |c Vũ Như Ý (chủ biên) 
260 |a H.  |b Thể dục thể thao  |c 2003 
300 |a 309 tr.  |c 19cm 
653 |a Cơ bản 
942 |2 ddc  |c BK 
952 |0 0  |1 0  |2 ddc  |4 0  |6 796_342000000000000_Y600  |7 0  |9 21801  |a 000001  |b 000001  |d 2021-12-04  |o 796.342 Y600  |p MD.19167  |r 2021-12-04  |v 40000.00  |w 2021-12-04  |y BK 
980 |a Thư viện Trường Đại học Nam Cần Thơ